000 00392cam a2200169 4500
001 D14488
008 090401t1953 xxu||||| |||| 00| 0 eng d
035 _a(Sirsi) u16014
041 _aeng
100 _aWillis, Arthur J
245 _aSpecification writing
260 _aLondon
_bCrosby Lockwood and Son
_c1953
350 _a0
520 _aShelf 137
942 _n0
948 _c04/03/1997
999 _c87344
_d87344